| 000 | 00724nam a2200181Ia 4500 | ||
|---|---|---|---|
| 008 | 100920s9999 xx 000 0 und d | ||
| 082 |
_b106063 _a28 व 891 0 |
||
| 100 | _aपागे छाया/जोशी योगेश. | ||
| 245 | _aहितोपदेश अमर बाल साहित्य. | ||
| 260 |
_bनवनीत पब्लिकेशन,मुंबई. _c0 |
||
| 300 |
_a33 _bसाधी |
||
| 365 | _b30 | ||
| 520 | _aबा.वि.लघुकथा. | ||
| 630 | _aहितोपदेश अमर बाल साहित्य. | ||
| 650 | _aबा.वि.लघुकथा. | ||
| 730 | _aहितोपदेश अमर बाल साहित्य. | ||
| 942 | _cBOOK | ||
| 999 |
_c746494 _d746491 |
||